000
00342nam a2200133Ia 4500
001
4592
008
241024s9999 xx 000 0 und d
082
_a
374/G892m/2015-2016
100
_a
Grupo San Valero
245
0
_a
Memoria 2015-2016
260
_b
Ediciones Universidad San Jorge
_c
2016
901
_a
8/3/2017 11:03:38 a.m.
999
_c
10878
_d
10878